00382nam a2200121Ia 4500003000400000005001700004008004100021040001800062041000800080100004200088245009700130260003300227OSt20260129113708.0211028s2018 xx 000 0 und d cAIMIT LIBRARY aeng aManjunatha K R; P V Sumitha.g1616096 aStudy on consumer preference towards products of Shri Dharmasthala Siri Gramodyoga Samsthe / aMangalorebP V Sumithac2018